<?xml version="1.0" encoding="UTF-8"?>
<record
    xmlns:xsi="http://www.w3.org/2001/XMLSchema-instance"
    xsi:schemaLocation="http://www.loc.gov/MARC21/slim http://www.loc.gov/standards/marcxml/schema/MARC21slim.xsd"
    xmlns="http://www.loc.gov/MARC21/slim">

  <leader>00723nam a22001697a 4500</leader>
  <controlfield tag="003">LK-CoMWRAF</controlfield>
  <controlfield tag="005">20231214050004.0</controlfield>
  <controlfield tag="008">231214b        |||||||| |||| 00| 0 eng d</controlfield>
  <datafield tag="040" ind1=" " ind2=" ">
    <subfield code="a">LK-CoMWRAF</subfield>
    <subfield code="d">LK-CoMWRAF</subfield>
    <subfield code="e">LK-CoMWRAF</subfield>
  </datafield>
  <datafield tag="041" ind1=" " ind2=" ">
    <subfield code="a">sin</subfield>
    <subfield code="a">tam</subfield>
    <subfield code="a">eng</subfield>
  </datafield>
  <datafield tag="082" ind1=" " ind2=" ">
    <subfield code="a">324</subfield>
    <subfield code="b">MAT</subfield>
  </datafield>
  <datafield tag="245" ind1=" " ind2=" ">
    <subfield code="a">&#xDB8;&#xDD0;&#xDAD;&#xDD2;&#xDC0;&#xDBB;&#xDAB; &#xDB8;&#xDCF;&#xDBB;&#xDCA; &#xD9C;&#xDDD;&#xDB4;&#xDAF;&#xDDA;&#xDC1;=&#xBA4;&#xBC7;&#xBB0;&#xBCD;&#xBA4;&#xBB2;&#xBCD; &#xBB5;&#xBB4;&#xBBF;&#xB95;&#xBBE;&#xB9F;&#xBCD;&#xB9F;&#xBC1;&#xBA4;&#xBB2;&#xBCD;&#xB95;&#xBB3;&#xBCD;=Election guidelines</subfield>
  </datafield>
  <datafield tag="246" ind1=" " ind2=" ">
    <subfield code="a">Mathiwarana margopadesha=T&#x113;rtal va&#x1E3B;ik&#x101;&#x1E6D;&#x1E6D;utalka&#x1E37;</subfield>
  </datafield>
  <datafield tag="260" ind1=" " ind2=" ">
    <subfield code="a">&#xD9A;&#xDDC;&#xDC5;&#xDB9; :</subfield>
    <subfield code="b">&#xDC1;&#xDCA;&#x200D;&#xDBB;&#xDD3; &#xDBD;&#xD82;&#xD9A;&#xDCF; &#xDB8;&#xDCF;&#xDB1;&#xDC0; &#xDC4;&#xDD2;&#xDB8;&#xDD2;&#xD9A;&#xDB8;&#xDCA; &#xD9A;&#xDDC;&#xDB8;&#xDCA;&#xDC2;&#xDB1;&#xDCA; &#xDC3;&#xDB7;&#xDCF;&#xDC0;</subfield>
    <subfield code="c">1996</subfield>
  </datafield>
  <datafield tag="650" ind1=" " ind2=" ">
    <subfield code="a">&#xDB8;&#xDD0;&#xDAD;&#xDD2;&#xDC0;&#xDBB;&#xDAB;--&#xDC1;&#xDCA;&#x200D;&#xDBB;&#xDD3; &#xDBD;&#xD82;&#xD9A;&#xDCF;&#xDC0;</subfield>
  </datafield>
  <datafield tag="942" ind1=" " ind2=" ">
    <subfield code="c">BK</subfield>
  </datafield>
  <datafield tag="952" ind1=" " ind2=" ">
    <subfield code="0">0</subfield>
    <subfield code="1">0</subfield>
    <subfield code="4">0</subfield>
    <subfield code="7">0</subfield>
    <subfield code="a">MAIN</subfield>
    <subfield code="b">MAIN</subfield>
    <subfield code="d">2023-12-14</subfield>
    <subfield code="l">0</subfield>
    <subfield code="o">324 MAT</subfield>
    <subfield code="p">RAF4820</subfield>
    <subfield code="r">2023-12-14</subfield>
    <subfield code="w">2023-12-14</subfield>
    <subfield code="y">BK</subfield>
  </datafield>
  <datafield tag="999" ind1=" " ind2=" ">
    <subfield code="c">4438</subfield>
    <subfield code="d">4438</subfield>
  </datafield>
</record>
